| 000 | 02008pam a2200409 i 4500 | ||
|---|---|---|---|
| 001 | 2024059988 | ||
| 003 | DLC | ||
| 005 | 20250625134622.0 | ||
| 008 | 241220s2025 nyu 000 1 eng | ||
| 010 | _a 2024059988 | ||
| 020 |
_a9780593830703 _q(hardcover) |
||
| 020 |
_z9780593830710 _q(ebook) |
||
| 035 | _a(OCoLC)1454718116 | ||
| 040 |
_aDLC _beng _erda _cDLC _dTnLvILS |
||
| 042 | _apcc | ||
| 050 | 0 | 0 |
_aPS3610.O325 _bR48 2025 |
| 082 | 0 | 0 |
_a813/.6 _223/eng/20241220 |
| 092 |
_afiction _bJohnson, Craig |
||
| 100 | 1 |
_aJohnson, Craig, _d1961- _eauthor. _952980 |
|
| 245 | 1 | 0 |
_aReturn to sender / _cCraig Johnson. |
| 264 | 1 |
_aNew York, NY : _bViking, _c[2025] |
|
| 300 |
_axiii, 336 pages ; _c24 cm. |
||
| 336 | _atext | ||
| 337 | _aunmediated | ||
| 338 | _avolume | ||
| 490 | 2 |
_aWalt Longmire _v21 |
|
| 520 | _a"Walt Longmire is back after the escapades of First Frost, and encounters one of his most baffling cases. The sheriff of Absaroka confronts a cabal of devious outlaws who are hell bent on getting what they want, even though they have to bend and break the law. Walt is stretched to his physical limits to try to stop them, and has to answer the question of just how far he will go. ... Fans of the series will love seeing Walt put into this almost impossible situation, and new fans will fall for the venerable sheriff as he tries to uphold the law and his own values in this high-stakes mystery"-- | ||
| 600 | 1 | 0 |
_aLongmire, Walt _c(Fictitious character) _vFiction. _95732292 |
| 650 | 0 |
_aSheriffs _vFiction. _95674214 |
|
| 650 | 0 |
_aOutlaws _vFiction. _95675109 |
|
| 655 | 7 |
_aDetective and mystery fiction. _2lcgft _95683641 |
|
| 655 | 7 |
_aWestern fiction. _2lcgft _95687771 |
|
| 655 | 7 |
_aNovels. _2lcgft |
|
| 776 | 0 | 8 |
_iOnline version: _aJohnson, Craig, 1961- _tReturn to sender _dNew York, NY : Viking, 2025. _z9780593830710 _w(DLC) 2024059989 |
| 800 | 1 |
_aJohnson, Craig, _d1961- _tWalt Longmire mystery. _95681335 |
|
| 942 |
_2ddc _cBOOK |
||
| 999 |
_c407723 _d407723 |
||